000 00290nam a22001337a 4500
008 170914b xxu||||| |||| 00| 0 eng d
020 _a0486202763
041 _aeng
080 _a7
100 _a44
101 _aART
245 _aPRINCIPLES OF ART HUSTORY
_cWOLFFLIN,H
942 _2udc
_cBK
999 _c27629
_d27629